1129 1967 1308 1521 1076 1738 1743 1727 1598 1605 1983 1443 1061 1313 1822 1194 1777 1542 1695 1145 1850 1481 1122 1086 1369 1232 1607 1118 1665 1549 1515 1438 1904 1377 1042 1370 1406 1484 1058 1249 1263 1780 1157 1539 1328 1309 1832 1136 1728 1334 1035 1663 1555 1971 1718 1041 1702 1851 1718 1683 1478 1891 1741 1044 1540 1239 1082 1017 1048 1250 1208 1747 1112 1771 1987 1878 1446 1775 1795 1655 1197 1911 1796 1918 1917 1611 1460 1035 1955 1403 1260 1407 1047 1893 1000 1176 1442 1478 1015 BCNSPRNW ULIB Ver.6.0+V

เปลี่ยนเป็นภาษาไทย

Change to English
 แสดงรายละเอียดบรรณานุกรม
  กลับหน้าหลัก

Brief Record : Get Marc (ISO 2709) : E-mail record : QR code < ปิดหน้าต่าง
LEADER : 00000nam 2200000uu 4500
001    13399111826
003     ULIB
008    110708s2543||||th 000 0 tha d
020    9745706655
050  4 HF5549^bส862ก 2543
100 0  เสนาะ ติเยาว์
245 10 การบริหารงานบุคคล /^cเสนาะ ติเยาว์
250    พิมพ์ครั้งที่ 12
260    กรุงเทพฯ :^bโรงพิมพ์มหาวิทยาลัยธรรมศาสตร์,^c2543
300    267 หน้า ;^c26 ซม.
650  7 การบริหารงานบุคคล
945    ^p200^l0^i014025
945    ^p200^l0^i014027
945    ^p200^l0^i014026
995    ทศพร
999 ^a ใช้งานได้ทุกระบบ
รายการนี้ยังไม่มีแท็ก
คุณยังไม่ได้ล็อกอิน คุณสามารถมีกิจกรรมร่วมกับเว็บไซต์ได้ แต่ต้องล็อกอินก่อน ::
  ล็อกอิน

รายการสื่อสารสนเทศ

ลำดับที่ ประเภท เลขเรียก/บาร์โค้ด สถานที่ สถานะ
- ไม่พบข้อมูล -

รายการใกล้เคียง
    หัวเรื่อง [การบริหารงานบุคคล]

BibComment


ยังไม่เคยถูกคอมเมนท์

คอมเมนท์ทรัพยากรรายการนี้
  คอมเมนท์: การบริหารงานบุคคล..


 Copyright 2026. Bcnsprnw @Library